000 00552nam a2200205Ia 4500
003 OSt
005 20230419093712.0
008 210423s2010 xx 000 0 und d
020 _a9788176256292
040 _cAL
041 _aeng
082 _a812.0954 MYLA
100 _aMYLES (Anita).
_990351
245 _aContemporary Indian english drama: an overview.
260 _aNew Delhi
_bSarup & sons
_c2010
300 _aix,153
_bPB
365 _b550
_cINR
906 _aan ; Contemporary ; drama: ; english ; Indian ; overview.
942 _2ddc
_cBK
999 _c160124
_d160124